000 01043nam a22002654a 4500
005 20080729164931.0
008 080416s2008 waua 001 0 eng
010 _aENG-91462
020 _a9788131304952
_c450.00
035 _aEN-74995
037 _bDBAD / PUB
040 _aDPL
_bEnglish
082 _a488.00245
100 _aJameel Ahmad
245 _aTeaching of English /
_cby Jameel Ahmad
260 _aNew Delhi
_bAPH Publishing
_c2009
270 _a4435-36/7, Ansari Road, Daryaganj,
_bNew Delhi
_e110002
300 _axii, 164 p.
_c23 cm (Hb)
500 _aIncludes bibliographical references
650 _aEnglish language
_xTechnical English
650 _aEnglish language
_xTechnical English
_xStudy and teaching
650 _aEnglish language
_xStudy and teaching
_xForeign speakers
942 _2ddc
_cEN
_mJAM
_h488.00245
999 _c17391
_d17391